000 01415nam a2200421 c 4500
999 _c51504
_d51504
001 51504
003 ES-MaCES
005 20200819134300.0
008 200819s2019 sp 000 | spa d
017 _aV 3345-2019
_bDL
020 _a9788413360225
040 _aES-MaCES
_bspa
_cES-MaCES
100 _938720
_aMoll Noguera, Rafael
245 1 0 _aNegociación colectiva y dimensión de la empresa
_cRafael Moll Noguera ; [pr. de José María Goerlich Peset y Luis Enrique Nores Torres]
260 _aValencia
_bTirant lo Blanch
_c2019
300 _a607 p.
_c22 cm
490 1 _aEnfoque laboral
_v42
504 _aBibliografía: p. 575-607
541 _cCompra
650 4 _anegociación colectiva
_928362
650 4 _aconvenio colectivo
_928361
650 4 _aacuerdo colectivo de empresa
_931121
650 4 _aempresa
_928178
650 4 _aempresario
_928188
650 4 _aactitud de la dirección
_928371
650 4 _atamaño de la empresa
_928185
650 4 _aderecho del trabajo
_927165
650 4 _aderecho comunitario
_929866
650 4 _aEspaña
_926964
650 4 _aUE
_926752
650 4 _arégimen jurídico
_929894
653 1 0 _aDerecho del trabajo y Seguridad Social
700 1 _913524
_aGoerlich Peset, José María
_epr.
700 1 _919725
_aNores Torres, Luis Enrique
_epr.
830 0 _aEnfoque laboral
_v42
_934124
902 _aLIB Libro
942 _2CES
_cBK
_h6.0.1.